Busiest U.S. Airports on a Map - Statistics

General Stats
  • This quiz has been taken 271 times
  • The average score is 29 of 31
Answers on the Map
Answers color-coded by a green-red scale on the quiz's map according to % correct below.
 
Answer Stats
# City % Correct
87.5 m Los Angeles
99%
49.7 m Las Vegas
98%
45.0 m Miami
98%
61.9 m New York City
98%
57.8 m San Francisco
98%
107 m Atlanta
97%
83.2 m Chicago
97%
69.1 m Dallas
97%
43.8 m Houston
97%
49.9 m Seattle
97%
40.9 m Boston
96%
64.5 m Denver
95%
35.2 m Detroit
95%
47.7 m Orlando
95%
44.9 m Phoenix
95%
24.2 m San Diego
95%
23.5 m Washington
95%
19.9 m Portland
94%
21.0 m Honolulu
93%
25.6 m Salt Lake City
93%
21.3 m Tampa
93%
15.9 m Austin
92%
27.1 m Baltimore
92%
31.7 m Philadelphia
92%
38.0 m Minneapolis
89%
16.0 m Nashville
89%
46.4 m Charlotte
88%
46.1 m Newark
85%
14.3 m San Jose
84%
15.6 m Saint Louis
82%
36.0 m Fort Lauderdale
75%
No matching quizzes found
Score Distribution
Percent of People with Each Score
Percentile by Number Answered
Your Score History
You have not taken this quiz